000 00354 a2200133 4500
082 _a808.869
090 _c1351
_d1351
100 _aShibli, M.Siddiq Khan
245 _aDaftari Murasalat
_cM.Siddiq Khan Shibli,
260 _aIslamabad:
_bMuqtadara Qomi Zuban,
_c1987.
300 _a147 p.
_c24 cm.
650 _aTechnical writing.
942 _cBK
_k808.869 SHI
999 _c5306
_d5306